My Favorite Country Names - Statistics

General Stats
  • This quiz has been taken 20 times
  • The average score is 6 of 19
Answer Stats
Hint Answer % Correct
Drier than chicken, leaner than duck Turkey
86%
--"___!" --"Really? You could've just walked!" Iran
57%
UEFA says it's Europe, but geography says it's Asia Azerbaijan
50%
The outlier in Central America Nicaragua
50%
Lebron could never Jordan
43%
Land of a common Vietnamese dish (with the second letter missing) Poland
36%
Similar to the name of a town in Illinois Angola
29%
Vroom vroom Central African Republic
29%
It's the funniest name in Africa Djibouti
29%
A Spanish city (nearly) Grenada
29%
Singular form of a parasite mostly spread among children Laos
29%
Two cardinal directions in one name? A bit unnecessary East Timor
21%
The Spanish masculine form of a famous classical garment Togo
21%
Put the emphasis on the first syllable to get an accessory mammary organ Nepal
14%
Childish insult, mispronounced Uruguay
14%
French pronunciation of a fastening device Bhutan
7%
What I'll say when a 1970s Ford comes cruising by my house in 2050 Madagascar
7%
Land of cravats, misspelled Thailand
7%
A man from Ankara describing the outcome of his beach vacation in bad English Turkmenistan
7%
No matching quizzes found
Score Distribution
Percent of People with Each Score
Percentile by Number Answered
Your Score History
You have not taken this quiz